书目信息 |
| 题名: |
美洲大陆的奇迹——印第安
|
|
| 作者: | 李伟智 著 | |
| 分册: | ||
| 出版信息: | 北京 中国环境科学出版社 2006 |
|
| 页数: | 212页 | |
| 开本: | 20cm | |
| 丛书名: | 正说世界 | |
| 单 册: | ||
| 中图分类: | K708 | |
| 科图分类: | ||
| 主题词: | 世界史--普及读物 , 美洲--历史 | |
| 电子资源: | ||
| ISBN: | 7-80135-706-X | |
| 000 | 00704nam0 2200241 45 | |
| 001 | 012000045517 | |
| 005 | 20061219105334.18 | |
| 010 | @a7-80135-706-X@dCNY28.00 | |
| 100 | @a20001016d2006 em y0chiy0120 ea | |
| 101 | 0 | @achi |
| 102 | @aCN@b110000 | |
| 105 | @ay z 000yy | |
| 200 | 1 | @a美洲大陆的奇迹——印第安@AMei Zhou Da Lu De Qi Ji—— Yin Di An@f李伟智著@FLi Wei Zhi Zhu |
| 210 | @a北京@c中国环境科学出版社@c学苑音像出版社@d2006 | |
| 215 | @a212页@c插图@d20cm | |
| 225 | @a正说世界 | |
| 410 | @12001 @a正说世界 | |
| 606 | @a世界史@x普及读物 | |
| 606 | 0 | @a美洲@x历史 |
| 690 | @aK708@v4 | |
| 701 | 0 | @a李伟智@ALi Wei Zhi@4著 |
| 801 | 0 | @aCN@b中图数据@c20061219 |
| 905 | @a10447@dK708@e7 | |
| 美洲大陆的奇迹——印第安/李伟智著.-北京:中国环境科学出版社:学苑音像出版社,2006 |
| 212页:插图;20cm.-(正说世界) |
| ISBN 7-80135-706-X:CNY28.00 |
| ● |
| 相关链接 |
|
|
|
|
正题名:美洲大陆的奇迹——印第安
索取号:K708/7
 
预约/预借
| 序号 | 登录号 | 条形码 | 馆藏地/架位号 | 状态 | 备注 |
| 1 | 0620422 | 206204221 | 第二样本阅览室/ [索取号:K708/7] | 在馆 | |
| 2 | 0620423 | 206204230 | 第二借阅区/ [索取号:K708/7] | 在馆 | |
| 3 | 0620424 | 206204249 | 第二借阅区/ [索取号:K708/7] | 在馆 | |
| 4 | 0620427 | 206204276 | 第二借阅区/ [索取号:K708/7] | 在馆 | |
| 5 | 0620428 | 206204285 | 第二借阅区/ [索取号:K708/7] | 在馆 | |
| 6 | 0620429 | 206204294 | 第二借阅区/ [索取号:K708/7] | 在馆 |